| 000 | 00729nam a2200241Ia 4500 | ||
|---|---|---|---|
| 008 | 191130s2006##################000#0#eng## | ||
| 020 | _a9780262195386 | ||
| 022 | _a2005049126 | ||
| 040 |
_aACL _cACL |
||
| 082 | _a302.2 STE | ||
| 100 | _aStenning, Keith | ||
| 245 |
_aIntroduction to cognition and communication _cKeith Stenning, Alex Lascarides, and Jo Calder |
||
| 260 |
_aCambridge, MA _bMIT Press _cc2006 |
||
| 300 | _avi, 603 p. : ill. ; 24 cm | ||
| 500 | _aIncludes bibliographical references and index | ||
| 650 | _aCognitive science | ||
| 650 | _aCommunication | ||
| 700 | _aCalder, Jo | ||
| 700 | _aLascarides, Alex | ||
| 990 | _aa3e87e9dac10000c148a609783ef575d | ||
| 991 | _a214657 | ||
| 999 |
_c219268 _d219268 |
||